| 000 | 00686nam a2200241 i 4500 | ||
|---|---|---|---|
| 001 | 15879 | ||
| 003 | ES-MaACL | ||
| 005 | 20250817062546.0 | ||
| 007 | t| | ||
| 008 | 000512s1998 sp ||||0| spa j | ||
| 040 |
_aM-BN _bspa _cM-BN |
||
| 080 | _a291.13 | ||
| 245 | 0 | 0 | _aNuevo romanticismo: la actualidad del mito. |
| 260 |
_a[Madrid] : _bFundación Juan March, _c[1998] |
||
| 300 |
_a139 p ; _c23 cm. |
||
| 490 | 1 |
_aCuadernos ; _v1 |
|
| 500 | _aPrecede al tit.: Cuadernos de Seminario Público. | ||
| 650 | 1 | 4 |
_aMito. _915091 |
| 710 | 2 |
_aFundación Juan March _94346 |
|
| 830 | 0 |
_aCuadernos ; _v1 _9178297 |
|
| 852 |
_aES-MaACL _jL-22870 _bR.128162 |
||
| 999 |
_c15879 _d15879 |
||